[Event "Ulm/Neu Ulm-ch"]
[Site "Ulm/Neu Ulm"]
[Date "2005.??.??"]
[Round "?"]
[White "Piontek, Carsten"]
[Black "Focht, Paul"]
[Result "1/2-1/2"]
[WhiteElo "1457"]
[BlackElo "1337"]
[PlyCount "99"]
[EventDate "2005.11.26"]
[EventType "swiss"]
[EventRounds "7"]
[EventCountry "GER"]
[SourceTitle "EXT 2011"]
[Source "ChessBase"]
[SourceDate "2010.11.26"]
[SourceVersion "1"]
[SourceVersionDate "2010.11.26"]
[SourceQuality "1"]

1. d4 d5 2. Nf3 h6 3. Bf4 Bg4 4. e3 Nf6 5. h3 Bf5 6. Bd3 Bxd3 7. Qxd3 a6 8. Nbd2 e6 9. 0-0 Bd6 10. Bxd6 Qxd6 11. c3 Nbd7 12. Rfe1 0-0 13. e4 dxe4 14. Nxe4 Nxe4 15. Qxe4 c6 16. Re2 Nf6 17. Qe5 Qe7 18. Qe3 Rad8 19. Ne5 Nd7 20. Qg3 Nf6 21. Rae1 Rd5 22. f4 c5 23. f5 Qd6 24. fxe6 fxe6 25. dxc5 Qxc5+ 26. Kh1 Qd6 27. Qe3 Kh7 28. Qc1 Nh5 29. Qc2+ Kg8 30. Re3 Nf4 31. Ng6 Nxg6 32. Qxg6 Rf6 33. Qe8+ Kh7 34. Rxe6 Rxe6 35. Qxe6 Qd8 36. Qe4+ Kg8 37. Qe8+ Kh7 38. Qxd8 Rxd8 39. Re2 Rd6 40. Kg1 b5 41. Kf1 Kg6 42. Ke1 Kf5 43. Rd2 Re6+ 44. Kf2 g5 45. b3 h5 46. c4 bxc4 47. bxc4 Re5 48. Rd6 a5 49. Rd8 Rc5 50. Ra8 1/2-1/2

[Event "Ulm/Neu Ulm-ch"]
[Site "Ulm/Neu Ulm"]
[Date "2005.??.??"]
[Round "?"]
[White "Sauter, Berthold"]
[Black "Piontek, Carsten"]
[Result "1/2-1/2"]
[WhiteElo "1453"]
[BlackElo "1457"]
[PlyCount "38"]
[EventDate "2005.11.26"]
[EventType "swiss"]
[EventRounds "7"]
[EventCountry "GER"]
[SourceTitle "EXT 2011"]
[Source "ChessBase"]
[SourceDate "2010.11.26"]
[SourceVersion "1"]
[SourceVersionDate "2010.11.26"]
[SourceQuality "1"]

1. c4 f5 2. Nf3 Nf6 3. Nc3 e6 4. d4 d5 5. e3 c6 6. Ne5 Bd6 7. cxd5 exd5 8. Nd3 Nbd7 9. a3 0-0 10. Be2 Ne4 11. Nxe4 fxe4 12. Nf4 Nf6 13. Bd2 Bxf4 14. exf4 Bd7 15. 0-0 Qc8 16. Be3 Bg4 17. Rc1 Bxe2 18. Qxe2 Qg4 19. Qxg4 Nxg4 1/2-1/2

[Event "Ulm/Neu Ulm-ch"]
[Site "Ulm/Neu Ulm"]
[Date "2004.11.12"]
[Round "5"]
[White "Piontek, Carsten"]
[Black "Sauter, Berthold"]
[Result "1-0"]
[WhiteElo "1331"]
[BlackElo "1421"]
[PlyCount "89"]
[EventDate "2004.09.17"]
[EventType "swiss"]
[EventRounds "7"]
[EventCountry "GER"]
[SourceTitle "EXT 2011"]
[Source "ChessBase"]
[SourceDate "2010.11.26"]
[SourceVersion "1"]
[SourceVersionDate "2010.11.26"]
[SourceQuality "1"]

1. d4 Nf6 2. Nf3 g6 3. Bf4 d6 4. h3 Bg7 5. e3 0-0 6. c3 Nbd7 7. Nbd2 c5 8. Be2 b6 9. 0-0 Bb7 10. Re1 Re8 11. Nf1 Ne4 12. Ng5 e5 13. Nxe4 Bxe4 14. dxe5 dxe5 15. Bg3 Qe7 16. Bf3 Nf6 17. Bxe4 Nxe4 18. Qc2 f5 19. f3 Nf6 20. Nd2 Rad8 21. Rad1 Nh5 22. Nf1 Rxd1 23. Rxd1 Rd8 24. Bf2 Rxd1 25. Qxd1 Kf7 26. Qd5+ Qe6 27. Qxe6+ Kxe6 28. Nd2 Nf6 29. Bg3 h5 30. Kf1 Bh6 31. Ke2 Nd5 32. Bf2 g5 33. c4 Nf6 34. b3 a6 35. Kd3 g4 36. Nf1 e4+ 37. Ke2 exf3+ 38. gxf3 gxf3+ 39. Kxf3 Ne4 40. Ng3 Ng5+ 41. Kg2 Nf7 42. Nxh5 Ne5 43. Nf4+ Kd7 44. Nd5 Kc6 45. Ne7+ 1-0

[Event "Ulm/Neu Ulm-ch"]
[Site "Ulm/Neu Ulm"]
[Date "2004.09.17"]
[Round "1"]
[White "Nuber, Reinhard"]
[Black "Piontek, Carsten"]
[Result "1-0"]
[WhiteElo "1764"]
[BlackElo "1331"]
[PlyCount "75"]
[EventDate "2004.09.17"]
[EventType "swiss"]
[EventRounds "7"]
[EventCountry "GER"]
[SourceTitle "EXT 2011"]
[Source "ChessBase"]
[SourceDate "2010.11.26"]
[SourceVersion "1"]
[SourceVersionDate "2010.11.26"]
[SourceQuality "1"]

1. e4 c5 2. Nf3 d6 3. d4 cxd4 4. Nxd4 Nf6 5. Nc3 a6 6. Bc4 e6 7. Bb3 Be7 8. 0-0 0-0 9. Be3 Qc7 10. Qe2 Nbd7 11. Bxe6 Nc5 12. Bxc8 Raxc8 13. Nd5 Nxd5 14. exd5 Rfe8 15. c3 Bg5 16. Qg4 Bxe3 17. fxe3 Re4 18. Rf4 Rce8 19. Raf1 Rxf4 20. Qxf4 Qe7 21. Nf5 Qe5 22. Nxd6 Qxe3+ 23. Qxe3 Rxe3 24. Rd1 b5 25. Kf2 Re5 26. b3 Kf8 27. b4 Nd7 28. Nb7 Ke8 29. Nc5 Nf6 30. Nxa6 Ne4+ 31. Kf3 Nxc3 32. Rd3 Nxd5 33. Rxd5 Rxd5 34. Nc7+ Kd7 35. Nxd5 Kd6 36. Ke4 g6 37. Kd4 f5 38. Nc3 1-0